LEADER 01193cam0 22003251 450 001 SOBE00063849 005 20200610110925.0 010 $a9788806221911 100 $a20200610d2014 |||||ita|0103 ba 101 $aita 102 $aIT 200 1 $aStorie di pitture$fDaniel Arasse$gprefazioni di Bernard Comment e Catherine Bédard 210 $aTorino$cEinaudi$d2014 215 $aXVII, 221, [16] carte di tav.$cill.$d21 cm 225 2 $aPiccola biblioteca Einaudi$hMappe$v54 300 $aTraduzione di Frédéric Ieva 410 1$1001SOBE00052345$12001 $a*Piccola biblioteca Einaudi. Mappe$v54 500 10$aHistoires de peintures$3SOBA00019852$917026 700 1$aArasse$b, Daniel$3AF00006437$4070$0302799 702 1$aComment, Bernard$3SOBA00019850$4070 702 1$aBedard, Catherine$3SOBA00019851$4070 801 0$aIT$bUNISOB$c20200610$gRICA 850 $aUNISOB 852 $aUNISOB$j700$m172227 912 $aSOBE00063849 940 $aM 102 Monografia moderna SBN 941 $aM 957 $a700$b005221$gSI$d172227$n20200204$racquisto$tV$1menle$2UNISOB$3UNISOB$420200610110748.0$520200610110925.0$6menle 996 $aHistoires de peintures$917026 997 $aUNISOB LEADER 01574nas 2200433-a 450 001 996418346003316 005 20240413025511.0 035 $a(CKB)991042728191436 035 $a(CONSER)--2001236376 035 $a(EXLCZ)99991042728191436 100 $a20011115b20012001 --- a 101 0 $aeng 181 $ctxt$2rdacontent 182 $cc$2rdamedia 183 $acr$2rdacarrier 200 10$aAlliance news $ethe newsletter of Natural Science Collections Alliance 210 $aWashington, DC $cNatural Science Collections Alliance$d©2001 215 $a1 online resource 300 $aTitle from caption. 311 08$aPrint version: Alliance news (Washington, D.C.) 1541-9452 (DLC) 2001236376 (OCoLC)48428220 517 1 $aNSC Alliance newsletter 531 0 $aAlliance news 606 $aBiological specimens$xCollection and preservation$vPeriodicals 606 $aBiology$xClassification$vPeriodicals 606 $aBiological specimens$xCollection and preservation$2fast$3(OCoLC)fst00832327 606 $aBiology$xClassification$2fast$3(OCoLC)fst00832393 608 $aPeriodicals.$2fast 608 $aPeriodicals.$2lcgft 615 0$aBiological specimens$xCollection and preservation 615 0$aBiology$xClassification 615 7$aBiological specimens$xCollection and preservation. 615 7$aBiology$xClassification. 676 $a500 712 02$aNatural Science Collections Alliance. 906 $aJOURNAL 912 $a996418346003316 920 $aexl_impl conversion 996 $aAlliance news$92196776 997 $aUNISA